00804 2200277 4500001002100000005001500021035002000036007000300056008004100059020001800100082001000118084001600128100003200144245007200176250001200248300004600260650001100306650003200317650001300349650003300362264004400395336002100439337003000460338002300490990001300513INLIS00000000111862720220530083632 a0010-0422000107ta220530 0 ind a9786230028793 a650.1 a650.1 WIL i0 aWilliam Win YangePengarang1 aInvesting In Digital Start-Up - Unicorn Edition /cWilliam Win Yang aedisi 3 axxxiii, 204 halaman :bilustrasi ;c23 cm 4aBisnis 4aSukses Pribadi dalam Bisnis 4aBusiness 4aPersonal Success in Business aJakarta :bElex Media Komputindo,c2021 2rdacontentaTeks 2rdamediaaTanpa Perantara 2rdacarrieraVolume a21/00891